Charm, Jinx, Hex, or Curse? Quiz Stats

 Plays Quiz not verified by Sporcle

Score 0/20 Timer 05:00
0 Plays Today
Question Answer Wrong Answers
Killing ______ 'Avada Kedavra' Curse
85%
Charm
0.6%
Jinx
2.8%
Hex
0%
Shield ______ 'Protego' Charm
82.2%
Jinx
1.7%
Hex
4.4%
Curse
1.7%
Summoning _______ 'Accio' Charm
80.6%
Jinx
2.2%
Hex
1.1%
Curse
2.8%
Cushioning _____ 'Molliare' Charm
76.1%
Jinx
3.3%
Hex
5%
Curse
3.9%
Disarming ______ 'Expelliarmus' Charm
67.2%
Jinx
7.2%
Hex
5.6%
Curse
6.1%
Confundus _______ Charm
65.6%
Jinx
5.6%
Hex
2.2%
Curse
12.8%
Muggle-Repelling ______ 'Repello Muggletum' Charm
65%
Jinx
9.4%
Hex
6.7%
Curse
4.4%
Engorgement ______ 'Engorgio' Charm
65%
Jinx
6.7%
Hex
9.4%
Curse
7.8%
Jelly-Legs _______ Jinx
59.4%
Charm
2.8%
Hex
15%
Curse
10%
Knockback _______ 'Flipendo' Jinx
50%
Charm
11.7%
Hex
13.9%
Curse
10.6%
Pimple _____ 'Furnunculus' Jinx
43.9%
Charm
4.4%
Hex
33.9%
Curse
7.2%
Stickfast ______ 'Colloshoo' Jinx
43.9%
Charm
20%
Hex
21.7%
Curse
1.1%
Knee-Reversing _________ Hex
41.7%
Charm
5.6%
Jinx
30.6%
Curse
10%
Twitchy Ears _______ Hex
39.4%
Charm
6.7%
Jinx
38.9%
Curse
4.4%
Impediment _____ 'Impedimenta' Jinx
39.4%
Charm
19.4%
Hex
11.7%
Curse
16.7%
Leg-Locker ______ 'Locomotor Mortis' Curse
38.9%
Charm
5.6%
Jinx
27.8%
Hex
18.3%
Revulsion ______ 'Relashio' Jinx
37.8%
Charm
21.7%
Hex
15%
Curse
13.3%
Reductor ______ 'Reducto' Curse
37.2%
Charm
25.6%
Jinx
15%
Hex
10.6%
Tongue-Tying _____ Curse
32.8%
Charm
5.6%
Jinx
28.3%
Hex
21.1%
Canary Transfiguration _______ Hex
30.6%
Charm
37.8%
Jinx
14.4%
Curse
4.4%

You're not logged in!

Compare scores with friends on all Sporcle quizzes.
OR
Log In

Show Comments

Extras

Top Quizzes Today


Score Distribution

Your Account Isn't Verified!

In order to create a playlist on Sporcle, you need to verify the email address you used during registration. Go to your Sporcle Settings to finish the process.

Report this User

Report this user for behavior that violates our Community Guidelines.

Details: